Psalm 119 - Statistics

General Stats
  • This quiz has been taken 9 times
  • The average score is 1117 of 2332
Answer Stats
Answer % Correct
a
100%
go
100%
I
100%
O
100%
the
100%
The
100%
an
86%
and
86%
And
86%
God.
86%
Hear
86%
in
86%
In
86%
is
86%
LORD!
86%
LORD;
86%
Lord;
86%
LORD,
86%
LORD.
86%
LORD
86%
no
86%
not
86%
of
86%
to
86%
are
71%
be
71%
for
71%
For
71%
good.
71%
good
71%
good;
71%
heart,
71%
heart
71%
heart!
71%
heart.
71%
heart;
71%
light
71%
light;
71%
on
71%
sin
71%
they
71%
They
71%
when
71%
When
71%
"When
71%
who
71%
will
71%
You
71%
you
71%
you:
71%
you.
71%
you,
71%
you;
71%
your
71%
Your
71%
do
57%
give
57%
Give
57%
his
57%
it
57%
it.
57%
It
57%
it,
57%
let
57%
Let
57%
life
57%
life!
57%
life.
57%
life,
57%
live
57%
live;
57%
live,
57%
live.
57%
love
57%
love.
57%
love,
57%
love;
57%
me!
57%
me
57%
me,
57%
me;
57%
me.
57%
me?"
57%
me?
57%
my
57%
My
57%
path
57%
path.
57%
praise
57%
praise,
57%
those
57%
Those
57%
with
57%
With
57%
word.
57%
word
57%
word!
57%
word,
57%
words.
57%
words
57%
as
43%
By
43%
can
43%
day,
43%
day.
43%
day
43%
earth;
43%
earth,
43%
earth
43%
eyes
43%
eyes,
43%
feet
43%
Great
43%
great
43%
hand
43%
hands
43%
him
43%
How
43%
how
43%
know,
43%
know
43%
lamp
43%
Make
43%
make
43%
man
43%
name
43%
name.
43%
Oh
43%
see
43%
shall
43%
shep;
43%
sing
43%
sure;
43%
Then
43%
then
43%
way
43%
way,
43%
way.
43%
ways!
43%
ways
43%
ways.
43%
ways,
43%
what
43%
young
43%
agains
29%
against
29%
all
29%
All
29%
because
29%
believe
29%
Blessed
29%
but
29%
But
29%
come
29%
commandment
29%
commandments.
29%
commandments!
29%
commandments
29%
commandments,
29%
commands.
29%
done
29%
end.
29%
end
29%
enemies,
29%
Even
29%
ever,
29%
ever
29%
evil
29%
fat,
29%
forever
29%
Forever,
29%
forever,
29%
forever;
29%
forever.
29%
from
29%
gives
29%
had
29%
has
29%
have
29%
house
29%
If
29%
just
29%
keep
29%
Keep
29%
Lead
29%
lie
29%
Look
29%
look
29%
lost
29%
meditate
29%
mercy
29%
mercy,
29%
might
29%
night,
29%
one
29%
Open
29%
open
29%
out
29%
out,
29%
peace
29%
precepts
29%
precepts,
29%
precepts;
29%
precepts.
29%
precepts!
29%
pure?
29%
rejoice,
29%
rejoice
29%
right;
29%
right
29%
right.
29%
soul
29%
teach
29%
Teach
29%
that
29%
their
29%
think
29%
though
29%
Though
29%
up
29%
up,
29%
walk
29%
was
29%
went
29%
whole
29%
wrong,
29%
according
14%
act,
14%
afraid
14%
am
14%
ask,
14%
at
14%
At
14%
awe
14%
become
14%
before
14%
Before
14%
blessing
14%
call
14%
chosen
14%
comfort
14%
comfort,
14%
Confirm
14%
confirmed
14%
cry;
14%
cry
14%
dawn
14%
Deal
14%
delight
14%
delight;
14%
delight.
14%
delight,
14%
endure?
14%
every
14%
evildoers,
14%
face
14%
faithfulness;
14%
faithfulness
14%
faithfulness.
14%
far
14%
fear
14%
foes
14%
forgotten
14%
freewill
14%
generations;
14%
get
14%
gracious
14%
guarding
14%
heavens.
14%
Incline
14%
incline
14%
insolent,
14%
insolent
14%
justice
14%
keeps
14%
kept
14%
kings
14%
law
14%
law.
14%
law!
14%
law;
14%
learn
14%
leave
14%
lift
14%
long
14%
Long
14%
loves
14%
made
14%
makes
14%
may
14%
May
14%
mouth.
14%
mouth,
14%
mouth
14%
mouth!
14%
must
14%
near
14%
near,
14%
never
14%
now
14%
offerings
14%
old,
14%
over
14%
people
14%
perished
14%
persecute
14%
place,
14%
place
14%
promise,
14%
promise;
14%
promise
14%
promise.
14%
promise!
14%
regard
14%
Remember
14%
remember
14%
righteous
14%
righteous,
14%
Righteous
14%
righteousness
14%
rise
14%
run
14%
save
14%
seen
14%
set
14%
Seven
14%
songs
14%
speak
14%
stand
14%
statutes!
14%
statutes;
14%
statutes.
14%
statutes
14%
statutes,
14%
steadfast
14%
steps
14%
taste,
14%
taught
14%
testimonies,
14%
testimonies
14%
testimonies.
14%
testimonies;
14%
testimonies!
14%
them.
14%
them
14%
therefore
14%
Therefore
14%
toward
14%
truth
14%
truth,
14%
Turn
14%
turn
14%
understand
14%
upon
14%
upright
14%
voice
14%
wander
14%
well
14%
whose
14%
wicked
14%
wicked,
14%
without
14%
works.
14%
youl
14%
abhor
0%
above
0%
Accept
0%
accursed
0%
addording
0%
adversaries,
0%
afflicted
0%
afflicted,
0%
afflicted;
0%
affliction,
0%
affliction.
0%
affliction
0%
aged,
0%
also
0%
amost
0%
anguish
0%
answer
0%
answered
0%
appointed
0%
appointment
0%
aside
0%
astray,
0%
astray
0%
awake
0%
away
0%
back
0%
been
0%
behold
0%
Behold,
0%
better
0%
blameless,
0%
blameless
0%
bountifully
0%
broad.
0%
broken.
0%
cause
0%
cause,
0%
cling
0%
clings
0%
comandments
0%
commanded
0%
companion
0%
consider
0%
Consider
0%
consumed
0%
consumes
0%
contempt,
0%
continually,
0%
continually!
0%
cords
0%
counselors.
0%
cunning
0%
dealt
0%
declare
0%
delay
0%
deliver
0%
Depart
0%
deride
0%
despised,
0%
destroy
0%
diligently.
0%
discard
0%
disgust,
0%
dominion
0%
double-minded,
0%
draw
0%
dread,
0%
dross,
0%
dug
0%
dust;
0%
endures
0%
enlarge
0%
ensnare
0%
entreat
0%
established
0%
exceedingly
0%
exceedingly.
0%
faithless
0%
fallen
0%
false
0%
falsehood;
0%
falsehood,
0%
fashioned
0%
fast.
0%
favor
0%
feared.
0%
find
0%
finds
0%
fine
0%
firmly
0%
fix
0%
fixed
0%
flesh
0%
forget
0%
forsake
0%
forsaken
0%
forth
0%
found
0%
founded
0%
fulfillment
0%
full
0%
gain!
0%
gold
0%
gold,
0%
gold.
0%
gone
0%
graciously
0%
hasten
0%
hate
0%
having
0%
help
0%
help;
0%
heritage
0%
hide
0%
hiding
0%
hold
0%
Hold
0%
honey
0%
hope
0%
hope.
0%
hope!
0%
hoped
0%
Hot
0%
imparts
0%
indignation
0%
iniquity
0%
joy
0%
judge
0%
judgment
0%
judgments.
0%
keeping
0%
knowledge,
0%
known
0%
laid
0%
lies,
0%
like
0%
limit
0%
lips
0%
longing
0%
longs
0%
looking
0%
man's
0%
Many
0%
meditation
0%
meditation.
0%
melts
0%
midnight
0%
more
0%
much
0%
nothing
0%
oath
0%
observe
0%
ones,
0%
oppress
0%
oppression,
0%
oppressors.
0%
order
0%
pant,
0%
perfection
0%
perform
0%
persecutors
0%
pieces.
0%
pitfalls
0%
plea
0%
Plead
0%
pledge
0%
plotting
0%
portion;
0%
pour
0%
princes
0%
Princes
0%
purpose;
0%
put
0%
Put
0%
ready
0%
rebuke
0%
Redeem
0%
redeem
0%
reproach
0%
riches.
0%
rules.
0%
rules
0%
rules,
0%
safe
0%
salvation
0%
salvation;
0%
Salvation
0%
salvation,
0%
scorn
0%
seek
0%
seizes
0%
selfish
0%
servant,
0%
servant
0%
servant.
0%
servant;
0%
servants.
0%
severely
0%
shame,
0%
shame!
0%
shame
0%
shed
0%
shield;
0%
shine
0%
silver
0%
simple.
0%
sit
0%
small
0%
smear
0%
smoke,
0%
snare
0%
sojourner
0%
sojourning.
0%
sorrow;
0%
sought
0%
spoil.
0%
spurn
0%
stall
0%
stands
0%
steady
0%
stored
0%
stray
0%
streams
0%
strengthen
0%
stumble.
0%
sum
0%
sweet
0%
sweeter
0%
swerve
0%
sworn
0%
Take
0%
take
0%
taunts
0%
teachers,
0%
tears,
0%
than
0%
things
0%
things;
0%
This
0%
this
0%
thousands
0%
Through
0%
time
0%
times.
0%
times
0%
told
0%
tongue
0%
trembles
0%
tried,
0%
Trouble
0%
true.
0%
trust
0%
understanding,
0%
understanding
0%
understanding;
0%
unfeeling
0%
unfolding
0%
Uphold
0%
utterly
0%
vain.
0%
wait
0%
watchers
0%
which
0%
wide
0%
wineskin
0%
wiser
0%
wonderful;
0%
wondrous
0%
worthless
0%
would
0%
wronged
0%
yet
0%
zeal
0%
No matching quizzes found
Score Distribution
Percent of People with Each Score
Percentile by Number Answered
Your Score History
You have not taken this quiz